| 000 | 00837nam a2200205 a 4500 | ||
|---|---|---|---|
| 003 | 0 | ||
| 005 | 20250430114514.0 | ||
| 008 | 050808s19uu xx 00 eng d | ||
| 050 |
_aPHS HD 8038.A2 _b.C36 2005 |
||
| 100 | _aCamahalan, Ian Ivan I. | ||
| 245 |
_aCorrelational study on personality types and job performance of Bataan Polyethylene corporation accountants and engineers / _cIan Ivan I. Camahalan. |
||
| 260 |
_aLas PiƱas City, Philippines : _bSouthville International School and Colleges, _c2005. |
||
| 300 |
_a45 pages : _bcolor illustrations ; _c28 cm. |
||
| 504 | _aIncludes bibliographical references. | ||
| 650 |
_2Library of Congress Subject Headings _aAccountants _zPhilippines _xPsychology. |
||
| 650 | _aPersonality and occupation. | ||
| 650 |
_aJob performance _xEvaluation. |
||
| 942 |
_2lcc _cPASS |
||
| 999 |
_c97201 _d97201 |
||